|
|
|
|
| LEADER |
00000nmm0a2200000 4500 |
| 001 |
54441 |
| 005 |
20231031050625.0 |
| 010 |
|
|
|a 5804600095
|
| 035 |
|
|
|a (RuTPU)RU\TPU\book\57092
|
| 090 |
|
|
|a 54441
|
| 100 |
|
|
|a 20030807d2003 km y0rusy50 ca
|
| 101 |
1 |
|
|a rus
|c eng
|
| 102 |
|
|
|a RU
|
| 105 |
|
|
|a a z 001zy
|
| 200 |
1 |
|
|a Эффективная работа: Flash MX
|e пер. с англ.
|f Э. Уотролл, Н. Гербер
|
| 210 |
|
|
|a СПб.
|c Питер
|d 2003
|
| 215 |
|
|
|a 716 с.
|c ил.
|e Приложение: CD-ROM
|
| 225 |
1 |
|
|a Эффективная работа
|
| 320 |
|
|
|a Алфавитный указатель: с. 707-716.
|
| 610 |
1 |
|
|a информатика
|
| 610 |
1 |
|
|a программы
|
| 610 |
1 |
|
|a Flash MX
|
| 610 |
1 |
|
|a CD-ROM
|
| 610 |
1 |
|
|a ActionScript
|
| 610 |
1 |
|
|a векторная анимация
|
| 610 |
1 |
|
|a языки программирования
|
| 610 |
1 |
|
|a звуки
|
| 675 |
|
|
|a 681.327.1
|v 3
|
| 700 |
|
1 |
|a Уотролл
|b Э.
|g Этан
|
| 701 |
|
1 |
|a Гербер
|b Н.
|g Норберт
|
| 801 |
|
1 |
|a RU
|b 63413507
|c 20030807
|g PSBO
|
| 801 |
|
2 |
|a RU
|b 63413507
|c 20030926
|g PSBO
|
| 801 |
|
2 |
|a RU
|b 63413507
|c 20150409
|g PSBO
|
| 942 |
|
|
|c MX
|